000 00889nam a2200289Ia 4500
003 OSt
005 20260409114525.0
008 210210b2018 xxu||||| |||| 00| 0 eng d
020 _a9788189187613
040 _cAL
041 _aHindi
082 _aH891.9 SHRT
100 _aSHRIDHAR (Pradip)
_dश्रीधर (प्रदीप)
_9261044
245 _aTejendra sharma ka rachana samsar
_bतेजेन्द्र शर्मा का रचना संसार
260 _aKanpur
_bVinay Prakashan
_c2018
300 _a384
650 _aTejendra
_9261045
650 _asharma
_9261046
650 _asansar
_9261047
650 _asamsar
_9261048
650 _arachna
_9261049
650 _arachana
_9261050
690 _aHindi Criticism
_9261051
700 _aSHRIDHAR (Shikha)
_dश्रीधर (शिखा) .
_9261052
906 _a073661
942 _2ddc
_cBK
999 _c123401
_d123401